| 000 | 01145cam a2200337 i 4500 | ||
|---|---|---|---|
| 999 |
_c200442794 _d61006 |
||
| 003 | TR-AnTOB | ||
| 005 | 20220617170830.0 | ||
| 007 | ta | ||
| 008 | 091215s1985 tu d g f000 0 tur | ||
| 035 | _aNLT01 | ||
| 040 |
_aTR-AnTOB _beng _erda _cTR-AnTOB |
||
| 041 | 0 | _atur | |
| 050 | 4 |
_bLB3608 _a.Y95 1985 |
|
| 090 |
_aLB3608 _b.Y95 1985 |
||
| 099 | _a | ||
| 245 | 0 | 0 |
_aYükseköğrenim öğrencilerinin serbest zaman etkinlikleri kendilerini gerçekleştirme düzeyleri / _cHülya Gökmen [and others]. |
| 264 | 1 |
_aAnkara : _bMilli Eğitim Gençlik ve Spor Bakanlığı, _c1985. |
|
| 300 |
_a133 pages : _btables ; _c24 cm |
||
| 336 |
_2rdacontent _atext _btxt |
||
| 337 |
_2rdamedia _aunmediated _bn |
||
| 338 |
_2rdacarrier _avolume _bnc |
||
| 504 | _aBIB | ||
| 653 | _aYüksekokul öğrencileri--Rekreasyon--Türkiye | ||
| 653 | _aÖğrenci faaliyetleri--Türkiye | ||
| 653 | _aAkademik başarı--Türkiye | ||
| 700 | 1 |
_aGökmen, Hülya _eauthor _9137464 |
|
| 710 | 1 |
_aTürkiye. _bGençlik Hizmetleri ve Faaliyetleri Daire Başkanlığı _9137465 |
|
| 942 |
_2lcc _cBK |
||